000 00726nam a2200217 i 4500
001 57546
003 ES-MaACL
005 20230906163611.0
007 t|
008 031016s1981 sp ||||1| spa d
100 0 _aDomínguez del Val, Ursicino.
_945205
245 1 0 _aLeandro de Sevilla y la lucha contra el arrianismo /
_cUrsicino Domínguez.
260 _aMadrid :
_bEditora Nacional,
_c[1981]
300 _a541 p. ;
_c21 cm.
490 1 _aBiblioteca de visionarios, heterodoxos y marginados
600 0 4 _aLeandro
_cSanto, Arzobispo de Sevilla.
_9139609
650 4 _aArrianismo.
_9153228
830 0 _aBiblioteca de visionarios, heterodoxos y marginados
_9181090
852 _aES-MaACL
_jL-1379
999 _c57546
_d57546